000 00714nam a22002057a 4500
999 _c17967
_d17967
003 AR-CdUCM
008 190507b ||||| |||| 00| 0 spa d
040 _aMUNICIPALIDAD PROVINCIAL DEL CUSCO
_cBIBLIOTECA MUNICIPAL DEL CUSCO
082 _a868.5 /
_bP44
100 _aPérez Escrich, Enrique
_928995
245 _aEl infierno de los celos :
_bnovela de costumbres /
260 _aParís :
_bCasa Editorial Garnier Hermanos,
300 _a340 páginas ;
_c20 cm.
505 _aContenido : Luchas secretas -- Las dos cartas -- Últimas palabras -- La muerte...
650 _aLiteratura Española
_9612
650 _aNovela Española
_96059
650 _aCostumbres
_9230
942 _2ddc
_cLIBROS
945 _arcc